000 01038nam0a22002771 4500
001 rc\2769133
005 20250806204137.0
035 _a(NLR Aleph) 006895535
090 _a25631
_c25631
100 _a20110915d1941 u y0rusy50 ca
101 0 _arus
102 _aRU
105 _aa z |||||
200 1 _aТеория полета в популярном изложении
_fГл. упр. гражд. возд. флота при СНК СССР
205 _a5-е изд., перераб. и доп.
210 _aМосква
_cРед.-изд. отдел Аэрофлота
_d1941
215 _a188 с.
_cил., черт.
_d23 см.
300 _aИзд. 4-е: Жабров А. А. Как и почему летает самолет
700 1 _aЖабров
_bА.А.
_gАлексей Александрович
801 0 _aRU
_bNLR
_gpsbo
801 1 _aRU
_bELAR
_2rusmarc
852 _aNLR
_jТ92 Г-5/5
942 _cBOOK
945 _aРоссийская национальная библиотека
980 _aNB
980 _aBV